000 00756cam a22002777a 4500
003 CHAP
005 20220817043135.0
008 971013s1987 r 00010 d
010 _a66670
011 _a67642
035 _a77113
040 _cCHAP
082 _a634.98
_bF33
110 2 _aFAO
245 1 0 _aSmall-scale forest-based processing enterprises
260 _aRome :
_bFAO,
_c1987
300 _a246 p.
_b: ilus.
490 0 _aFAO. Montes
_v; 79
590 _aBATCH-UPD
_b10
_c20130110
_lUCH01
_h0848
590 _aCONVERSION
_b10
_c20130109
_lUCH01
_h1337
650 1 4 _aIndustrias forestales.
_957979
830 0 _aFAO. Montes
_v; 79
_939632
901 _aBK
942 _cLIBRO
949 _a634.98 F33
_bBC
_cFAO
_d-29976
_eFAO1
_h72545
_i77113
_si
999 _c66670
_d66670